000 00737nam a2200205Ia 4500
003 GCL
008 140319s9999 xx 000 0 ara d
040 _aGCL /
_cGCL
082 0 4 _a257.1
_bم ك
100 1 _aحسن الساعاتى (مراجعة)
245 1 0 _aكتاب تسهيل النظر وتعجيل الظفر فى اخلاق الملك وسياسة الملك /
_cحسن الساعاتى (مراجعة)
700 1 _aمحيى هلال السرحان
700 1 _aالمارودى, ابو الحسن على البصرى
300 _a290 ص
490 _a
650 0 4 _aالدولة العباسية
650 0 4 _aالدولة العباسية الثالثة
650 0 4 _aالسياسة - تاريخ
942 _2ddc
_cBK
999 _c45873
_d45873